000
00313nam a2200133Ia 4500
005
20251222143304.0
008
251222s9999||||xx |||||||||||||| ||spa||
020
_a
84-9742-042-4
082
_a
371.01/R93
100
_a
Ruiz, Aurora
245
0
_a
La Escuela Pública:
264
_b
Biblioteca Nueva
942
_c
LIB
999
_c
15446
_d
15446